Statistics for Okearl's Top 150 Movies Quiz

Click here to take the quiz!

General Stats

  • This quiz has been taken 13 times
  • The average score is 66 of 150

Answer Stats

YearDirectorAnswer% Correct
1979Ridley ScottAlien
90%
1985Robert ZemeckisBack to the Future
90%
1994Robert ZemeckisForrest Gump
90%
1994Frank DarabontShawshank Redemption
90%
1968Stanley Kubrick2001 A Space Odyssey
80%
2008Christopher NolanDark Knight
80%
2019Bong Joon-hoParasite
80%
1960Alfred HitchcockPsycho
80%
1994Quentin TarantinoPulp Fiction
80%
1993Steven SpielbergSchindler's List
80%
1991Jonathan DemmeSilence of the Lambs
80%
1952Gene Kelly
Stanley Donen
Singin in the Rain
80%
1977George LucasStar Wars
80%
1957Sidney Lumet12 Angry Men
70%
2019Russo BrothersAvengers Endgame
70%
2018Russo BrothersAvengers Infinity War
70%
2012Quentin TarantinoDjango Unchained
70%
1999David FincherFight Club
70%
2014Wes AndersonGrand Budapest Hotel
70%
1999Frank DarabontGreen Mile
70%
2010Christopher NolanInception
70%
2009Quentin TarantinoInglourious Basterds
70%
2014Christopher NolanInterstellar
70%
2003Peter JacksonLord of the Rings Return of the King
70%
2001Christopher NolanMemento
70%
1980Martin ScorseseRaging Bull
70%
1981Steven SpielbergRaiders of the Lost Ark
70%
1995David FincherSe7en
70%
2001Hayao MiyazakiSpirited Away
70%
2023Wes AndersonAsteroid City
60%
2012Joss WhedonAvengers
60%
2010Darren AronofskyBlack Swan
60%
1980Irvin KershnerEmpire Strikes Back
60%
2022The DanielsEverything Everywhere all at Once
60%
1986John HughesFerris Bueller's Day Off
60%
1987Stanley KubrickFull Metal Jacket
60%
2017Jordan PeeleGet Out
60%
2014James GunnGuardians of the Galaxy
60%
2020Thomas KailHamilton
60%
2019Todd PhillipsJoker
60%
1994Rob Minkoff
Roger Allers
Lion King
60%
2001Peter JacksonLord of the Rings The Fellowship of the Ring
60%
2019Noah BaumbachMarriage Story
60%
2001Pete DocterMonster's Inc
60%
2003Park Chan-wookOldboy
60%
2023Christopher NolanOppenheimer
60%
2007Brad BirdRatatouille
60%
2000Darren AronofskyRequiem for a Dream
60%
2022S. S. RajamouliRRR
60%
2023Joaquim Dos Santos
Justin K. Thompson
Kemp Powers
Spiderman Across the Spiderverse
60%
2018Peter Ramsey
Rodney Rothman
Bob Persichetti
Spiderman Into the Spiderverse
60%
2022Matt ReevesThe Batman
60%
1985John HughesThe Breakfast Club
60%
2017Taika WaititiThor Ragnarok
60%
2009Pete DocterUp
60%
2008Andrew StantonWALL-E
60%
2014Damien ChazelleWhiplash
60%
2013Martin ScorseseWolf of Wall Street
60%
2022Damien ChazelleBabylon
50%
2005Christopher NolanBatman Begins
50%
2014Alejandro Gonzalez InarrituBirdman
50%
2017Denis VilleneuveBlade Runner 2049
50%
2002Fernando MeirellesCity of God
50%
2016Tim MillerDeadpool
50%
2009Wes AndersonFantastic Mr Fox
50%
2023James GunnGuardians of the Galaxy Vol 3
50%
2013Spike JonzeHer
50%
2004Hayao MiyazakiHowl's Moving Castle
50%
2004Brad BirdIncredibles
50%
2017James MangoldLogan
50%
2007Ethan CoenNo Country for Old Men
50%
1997Hayao MiyazakiPrincess Mononoke
50%
2013Denis VilleneuvePrisoners
50%
1998Steven SpielbergSaving Private Ryan
50%
2010Edgar WrightScott Pilgrim vs the World
50%
1999M. Night ShyamalanSixth Sense
50%
2010David FincherSocial Network
50%
2004Sam RaimiSpiderman 2
50%
2021Jon WattsSpiderman No Way Home
50%
2016The DanielsSwiss Army Man
50%
2014Chris Miller
Phil Lord
The Lego Movie
50%
2010Lee UnkrichToy Story 3
50%
2001Antoine FuquaTraining Day
50%
2013Steve McQueen12 Years a Slave
40%
2019Sam Mendes1917
40%
2000Mary HarronAmerican Psycho
40%
2022Martin McDonaghBanshees of Inisherin
40%
2022David LeitchBullet Train
40%
2011Nicolas Winding RefnDrive
40%
2014David FincherGone Girl
40%
1997Gus Van SantGood Will Hunting
40%
2016Mel GibsonHacksaw Ridge
40%
2016Barry JenkinsMoonlight
40%
1987Rob ReinerPrincess Bride
40%
2005George LucasRevenge of the Sith
40%
2021James GunnThe Suicide Squad
40%
2021Lin-Manuel Mirandatick tick BOOM
40%
1998Peter WeirTruman Show
40%
2022Charlotte WellsAftersun
30%
1997Paul Thomas AndersonBoogie Nights
30%
2016Russo BrothersCaptain America Civil War
30%
2000Robert ZemeckisCast Away
30%
2017Adrian Molina
Lee Unkrich
Coco
30%
2004Michel GondryEternal Sunshine of the Spotless Mind
30%
2003Andrew StantonFinding Nemo
30%
1999Brad BirdIron Giant
30%
2008Jon FavreauIron Man
30%
2019Taika WaititiJojo Rabbit
30%
1995Mathieu KassovitzLa Haine
30%
1988Barry LevinsonRain Man
30%
2011Gore VerbinskiRango
30%
1986Rob ReinerStand By Me
30%
2007Greg MottolaSuperbad
30%
2009Todd PhillipsThe Hangover
30%
2022Joseph KosinskiTop Gun Maverick
30%
1992Ron Clements
John Musker
Aladdin
20%
2022Edward BergerAll Quiet on the Western Front
20%
2001Richard KellyDonnie Darko
20%
1976John G. AvildsenRocky
20%
2018Boots RileySorry to Bother You
20%
1999Kevin Lima
Chris Buck
Tarzan
20%
2007David FincherZodiac
20%
1987Chris ColumbusAdventures in Babysitting
10%
2009Jim SheridanBrothers
10%
1989Jeremiah S. ChechikChristmas Vacation
10%
2017James GunnGuardians of the Galaxy Vol 2
10%
1997Ron Clements
John Musker
Hercules
10%
1984John G. AvildsenKarate Kid
10%
1998Tony Bancroft
Barry Cook
Mulan
10%
2014Dan GilroyNightcrawler
10%
2021Michael SarnoskiPig
10%
1998Brenda Chapman
Steve Hickner
Simon Wells
Prince of Egypt
10%
2009Ron Clements
John Musker
Princess and the Frog
10%
2006Gabriele MuccinoPursuit of Happyness
10%
2022Joel CrawfordPuss in Boots the Last Wish
10%
2008Adam McKayStep Brothers
10%
1985Richard DonnerThe Goonies
10%
2017Chris McKayThe Lego Batman Movie
10%
2021Joachim TrierThe Worst Person in the World
10%
2016Todd PhillipsWar Dogs
10%
2017Matt ReevesWar for the Planet of the Apes
10%
2012Chris Miller
Phil Lord
21 Jump Street
0%
2006Jason Woliner
Larry Charles
Borat
0%
2014Matt ReevesDawn of the Planet of the Apes
0%
1967Wolfgang ReithermanJungle Book
0%
2008John Stevenson
Mark Osborne
Kung Fu Panda
0%
2004Jared HessNapoleon Dynamite
0%
2019Tyler Nilson
Michael Schwartz
Peanut Butter Falcon
0%
2015James PonsoldtThe End of the Tour
0%
2016John Lee HancockThe Founder
0%

Score Distribution

Percentile by Number Answered

Percent of People with Each Score

Your Score History

You have not taken this quiz